000 00427nam a22001817a 4500
003 MPLRDC
005 20220104192402.0
008 210129b ||||| |||| 00| 0 eng d
020 _a978-986-173-900-7
082 _a191.9 QSL
100 _a秦嗣林
245 _a29张当票 2
_c
250 _a初版
260 _a台湾
_b麦田出版
_c2013
300 _bCD 一片
650 _a人生哲学
942 _cBK
_o191.9 QSL
999 _c64692
_d64682